000 00474nam a22001337a 4500
020 _qHB.
040 _cFIZZA ISHAQ
082 _a342.01
_bMcC
100 _a McClay , John B.
_9134155
245 _aCorpus Juris Humorous: In Brief: A Compilation of Outrageous, Unusual, Infamous and Witty Judicial Opinions from 1256 A.D. to the Present /
_cJohn B. McClay.
260 _aNew York:
_bBarnes & Noble,
_c1994.
300 _a228 p. ;
_c6.25 x 1.25 x 9.25 inches
942 _2ddc
_cBK
999 _c617100
_d617100